Top 10 best movies of all time(images) - Statistiques

Statistiques générales
  • Ce quiz a été pris 317 fois
  • Le résultat moyen est 6 sur 8
Statistiques - réponses
Par images Réponse % Correct
Titanic
98%
Forrest Gump
93%
Jurassic Park
83%
The Godfather
80%
Star Wars
76%
The Dark Knight
66%
The Lord of the Rings
52%
Gone with the Wind
14%
Aucun quiz correspondant
Distribution des résultats
% des personnes avec chaque résultat
Percentile par nombre de réponses
Votre historique - résultats
Vous n’avez pas pris ce quiz